00704cam a2200205 a 45000010005000000030008000050050017000130080039000300350018000690400043000870410008001300820025001381000047001632450078002102600049002883000025003374900042003625040051004046500043004554836BD-RjUL20211208233950.0131223t1935 nyu b 00110 eng a(BD-RjUL)4871 aDLCcIEN-LdIEN-LdMBU-LdBD-RjULbeng aeng04216a342.73bMCC 193510aMcLaughlin, Andrew Cunningham,d1861-1947.12aA constitutional history of the United States /cby Andrew C. McLaughlin. aNew York :bD. Appleton-Century Co.,cc1935. axi, 833 p. ;c24 cm.0 aThe Century political science series. aIncludes bibliographical references and index. 0aConstitutional historyzUnited States.